000 00354pab a2200157 454500
008 180718b2007 xxu||||| |||| 00| 0 eng d
100 _aBaert, Patrick
245 _aContextualizing Max Weber
260 _c2007
300 _ap.119-28.
362 _aMar
650 _aWeber, Max
773 _aInternational Sociology
908 _aN
909 _a73576
999 _c73576
_d73576